00957cac a22002291u 4500090000900000008004100009010001600050020001500066082001700081100003400098245007900132250001200211260003400223300003500257504006400292650003700356856007900393856008900472942002400561999001500585952012700600 c4263090113t 2000xxu||||| |||| 00| 0 eng d a 00551915 a047133166X00a650.072bSEK aSekaran, Uma. 10aResearch methods for business :ba skill-building approach /cUma Sekaran. a3rd ed. aNew York :bJ. Wiley,cc2000. axiii, 463 p. :bill. ;c25 cm. aIncludes bibliographical references (p. 436-441) and index. 0aBusinessxResearchxMethodology.4 3Table of Contents onlyuhttp://www.loc.gov/catdir/toc/onix03/00551915.html4 3Publisher descriptionuhttp://www.loc.gov/catdir/enhancements/fy0611/00551915-d.html cBBk650.072SEK2ddc c4263d4263 00102ddc4070aMAINbMAINc1STd2007-09-02ePurchasel3m19o650.072 SEKp000005267r2025-07-15 00:00:00s2012-04-09yBB